Normal view
MARC view
Entry Nombre personal
001 - NÚMERO DE CONTROL
- campo de control: 1130
003 - IDENTIFICADOR DE NÚMERO DE CONTROL
- campo de control: DLC
005 - FECHA Y HORA DE LA ÚLTIMA TRANSACCIÓN
- campo de control: 20260425103811.0
008 - ELEMENTOS DE DATO DE LONGITUD-FIJA
- campo de control de longitud fija: 860616n| acannaabn |n aaa c
010 ## - NÚMERO DE CONTROL DE LA BIBLIOTECA DEL CONGRESO
- Número de control de LC: n 85252115
035 ## - NÚMERO DE CONTROL DEL SISTEMA
- Número de control de sistema: (OCoLC)oca01624516
040 ## - FUENTE DE CATALOGACIÓN
- Centro catalogador/agencia de origen: MoSU-L
- Lengua de catalogación: eng
- Centro/agencia transcriptor: DLC
- Centro/agencia modificador: DLC
- Centro/agencia modificador: OCoLC
100 1# - ENCABEZAMIENTO-NOMBRE DE PERSONA
- Nombre de persona: Wallace, Robert,
- Fechas asociadas al nombre: 1773-1855
670 ## - FUENTE DE DATOS ENCONTRADOS
- Cita de la fuente: Member of the Faculty of Advocates. Letter to Robert Wallace, Esq. of Kelly, 1837.
670 ## - FUENTE DE DATOS ENCONTRADOS
- Cita de la fuente: Concise DNB:
- Información encontrada: v. 1 (Wallace, Robert (1773-1855), postal reformer; inherited Kelly, Ayrshire; M.P., 1831-46)